<?xml version="1.0" encoding="UTF-8"?>
<record
    xmlns:xsi="http://www.w3.org/2001/XMLSchema-instance"
    xsi:schemaLocation="http://www.loc.gov/MARC21/slim http://www.loc.gov/standards/marcxml/schema/MARC21slim.xsd"
    xmlns="http://www.loc.gov/MARC21/slim">

  <leader>00878nam a22002055i 4500</leader>
  <controlfield tag="001">156876</controlfield>
  <controlfield tag="003">ES-MaACL</controlfield>
  <controlfield tag="005">20230906210523.0</controlfield>
  <controlfield tag="008">990120s1888    ag a         |||| | spa d</controlfield>
  <datafield tag="040" ind1=" " ind2=" ">
    <subfield code="a">CCPB | B </subfield>
    <subfield code="b">spa </subfield>
    <subfield code="c">CCPB | B</subfield>
  </datafield>
  <datafield tag="100" ind1="1" ind2=" ">
    <subfield code="a">Lafone Quevedo, Samuel A.</subfield>
    <subfield code="9">69503</subfield>
  </datafield>
  <datafield tag="245" ind1="1" ind2="0">
    <subfield code="a">L&#xF3;ndres [sic] y Catamarca </subfield>
    <subfield code="b">: cartas &#xE1; &#xA8;La Nacion&#xA8; : 1883-84 y 85 /</subfield>
    <subfield code="c">por Samuel A. Lafone y Quevedo ; (con ap&#xE9;ndices y un mapa hist&#xF3;rico).</subfield>
  </datafield>
  <datafield tag="260" ind1=" " ind2=" ">
    <subfield code="a">Buenos Aires : </subfield>
    <subfield code="b">Imprenta y Librer&#xED;a de Mayo, </subfield>
    <subfield code="c">1888.</subfield>
  </datafield>
  <datafield tag="300" ind1=" " ind2=" ">
    <subfield code="a">XV, 407, [1] p., [1] h. de l&#xE1;m, [1] h. pleg. de l&#xE1;m., [1] h. pleg. de map. ; </subfield>
    <subfield code="c">20 cm.</subfield>
  </datafield>
  <datafield tag="597" ind1=" " ind2=" ">
    <subfield code="a">Antep.</subfield>
  </datafield>
  <datafield tag="597" ind1=" " ind2=" ">
    <subfield code="a">Port. con esc. xil. de la ciudad de S. Fernando de Catamarca.</subfield>
  </datafield>
  <datafield tag="651" ind1=" " ind2=" ">
    <subfield code="a">Londres (Argentina)-</subfield>
    <subfield code="x">Descripci&#xF3;n.</subfield>
    <subfield code="9">137248</subfield>
  </datafield>
  <datafield tag="651" ind1=" " ind2=" ">
    <subfield code="a">Catamarca (Argentina)-</subfield>
    <subfield code="x">Descripci&#xF3;n.</subfield>
    <subfield code="9">137088</subfield>
  </datafield>
  <datafield tag="852" ind1=" " ind2=" ">
    <subfield code="a">ES-MaACL</subfield>
    <subfield code="j">G-7596 </subfield>
    <subfield code="z">-- Enc. pasta</subfield>
  </datafield>
  <datafield tag="999" ind1=" " ind2=" ">
    <subfield code="c">156876</subfield>
    <subfield code="d">156876</subfield>
  </datafield>
  <datafield tag="952" ind1=" " ind2=" ">
    <subfield code="0">0</subfield>
    <subfield code="1">0</subfield>
    <subfield code="4">0</subfield>
    <subfield code="7">0</subfield>
    <subfield code="8">LIBXIX</subfield>
    <subfield code="a">ATENEOM</subfield>
    <subfield code="b">ATENEOM</subfield>
    <subfield code="c">SPP3</subfield>
    <subfield code="d">2008-01-17</subfield>
    <subfield code="e">SSC</subfield>
    <subfield code="l">0</subfield>
    <subfield code="o">G-7596</subfield>
    <subfield code="p">1164131</subfield>
    <subfield code="r">2023-02-23 00:00:00</subfield>
    <subfield code="w">2023-02-23</subfield>
    <subfield code="y">MONANT</subfield>
  </datafield>
</record>
